Prisoner's dilemma /

Bibliographic Details
Main Author: Powers, Richard, 1957-
Format: Book
Language:English
Published: New York : Beech Tree Books, [1988]
Edition:1st ed.

MARC

Tag First Indicator Second Indicator Subfields
LEADER 00000cam a2200000 a 4500
001 in00000029002
005 20151007054757.0
008 871023s1988 nyua 00011 eng
010 |a  87031824  
020 |a 0688073506 :  |c $19.95 
035 |a (OCoLC)16985003 
035 |9 AAB6184AM 
040 |a DLC  |c DLC  |d TXA  |d UtOrBLW 
049 |a TXAM  |c [A11503602] 
050 0 0 |a PS3566.O92  |b P75 1988 
082 0 |a 813/.54  |2 19 
100 1 |a Powers, Richard,  |d 1957- 
245 1 0 |a Prisoner's dilemma /  |c Richard Powers. 
250 |a 1st ed. 
264 1 |a New York :  |b Beech Tree Books,  |c [1988] 
264 4 |c ©1988 
300 |a 348 pages :  |b illustrations ;  |c 25 cm. 
336 |a text  |b txt  |2 rdacontent 
337 |a unmediated  |b n  |2 rdamedia 
338 |a volume  |b nc  |2 rdacarrier 
999 |a MARS 
999 f f |s d4755d54-f2af-32ce-acd6-346d90d1b199  |i 6443125a-67b0-391d-a0a5-df630cdbaf39  |t 0 
952 f f |p normal  |a Texas A&M University  |b College Station  |c Sterling C. Evans Library  |d Evans: Library Stacks  |t 0  |e PS3566.O92 P75 1988  |h Library of Congress classification  |i unmediated -- volume  |m A14811503602 
998 f f |a PS3566.O92 P75 1988  |t 0  |l Evans: Library Stacks